Przezwiska i nazwiska chlopów paluckich w 17. wieku Pochodzenie i budowa

Salvato in:
Dettagli Bibliografici
Natura: Libro
Lingua:polacco
Pubblicazione: Wroclaw Akademia Ekon. im Oskara Langego 1990
Edizione:1. wyd.
Serie:Prace naukowe Nr.529
Tags: Aggiungi Tag
Nessun Tag, puoi essere il primo ad aggiungerne!!

MARC

LEADER 00000nam a2200000 4500
001 c022021
005 20250630081308.6
041 0 |a pol 
044 |a PL 
245 1 0 |a Przezwiska i nazwiska chlopów paluckich w 17. wieku  |b Pochodzenie i budowa  |c Marek Górny 
250 |a 1. wyd. 
264 1 |a Wroclaw  |b Akademia Ekon. im Oskara Langego  |c 1990 
300 |a 312 s. 
490 1 |a Prace naukowe  |v Nr.529 
830 0 |a Prace naukowe  |v Nr.529